বাঁকুড়ার মন্দির / (Record no. 62670)
[ view plain ]
| 000 -LEADER | |
|---|---|
| fixed length control field | 00956nam a2200229 a 4500 |
| 001 - CONTROL NUMBER | |
| control field | 62670 |
| 003 - CONTROL NUMBER IDENTIFIER | |
| rucl marc code | BD-RjUL |
| 005 - DATE AND TIME OF LATEST TRANSACTION | |
| control field | 20211209081118.0 |
| 008 - FIXED-LENGTH DATA ELEMENTS--GENERAL INFORMATION | |
| fixed length control field | 170125s1964 bg a|||| |||| 00| 0 ben d |
| 020 ## - INTERNATIONAL STANDARD BOOK NUMBER | |
| Terms of availability | : Tk. 15.00 |
| 035 ## - SYSTEM CONTROL NUMBER | |
| System control number | (BD-RjUL)62797 |
| 040 ## - CATALOGING SOURCE | |
| Original cataloging agency | BD-RjUL |
| Language of cataloging | ben |
| Transcribing agency | BD-RjUL |
| 041 ## - LANGUAGE CODE | |
| Language code of text/sound track or separate title | ben |
| 082 ## - DEWEY DECIMAL CLASSIFICATION NUMBER | |
| Edition number | 23 |
| Classification number | 726.1095414 |
| Author mark and year | BAB 1964 |
| 100 ## - MAIN ENTRY--PERSONAL NAME | |
| Personal name | বন্দ্যোপাধ্যায়, অমিয়কুমার |
| 9 (RLIN) | 186325 |
| 245 10 - TITLE STATEMENT | |
| Title | বাঁকুড়ার মন্দির / |
| Statement of responsibility, etc. | অমিয়কুমার বন্দ্যোপাধ্যায় |
| 260 ## - PUBLICATION, DISTRIBUTION, ETC. (IMPRINT) | |
| Place of publication, distribution, etc. | কলিকাতা : |
| Name of publisher, distributor, etc. | সাহিত্য সংসদ, |
| Date of publication, distribution, etc. | ১৯৬৪ [১৩৭১] |
| 300 ## - PHYSICAL DESCRIPTION | |
| Pagination | [১৬], ২০৫ পৃ. : |
| Illustrations | চিত্র ; |
| Size | ২৩ সেমি. |
| 650 ## - SUBJECT ADDED ENTRY--TOPICAL TERM | |
| Topical term or geographic name as entry element | মন্দির |
| Geographic subdivision | ভারত |
| -- | বাঁকুড়া (জেলা) |
| 9 (RLIN) | 183247 |
| Topical term or geographic name as entry element | Temples |
| Geographic subdivision | India |
| -- | Bankura (District) |
| 9 (RLIN) | 186326 |
| 942 ## - ADDED ENTRY ELEMENTS (KOHA) | |
| Source of classification or shelving scheme | Dewey Decimal Classification |
| Koha item type | Books |
| Lost status | Source of classification or shelving scheme | Damaged status | Not for loan | Collection code | Permanent Location | Current Location | Shelving location | Date acquired | Source of acquisition | Total Checkouts | Full call number | Date last seen | Copy number | Koha item type |
|---|---|---|---|---|---|---|---|---|---|---|---|---|---|---|
| Dewey Decimal Classification | Not For Loan | Non-fiction | Central Library, University of Rajshahi | Central Library, University of Rajshahi | Rare Book Section | 16/08/1973 | Indian High Commission | B 726.1095414 BAB 1964 | 25/01/2017 | C-1 | Books |